Evaluación de proyectos de inversión (Registro nro. 17477)
[ vista simple ]
| 000 -LEADER | |
|---|---|
| fixed length control field | 00328 a2200109 4500 |
| 001 - CONTROL NUMBER | |
| control field | ART_2523 |
| 005 - DATE AND TIME OF LATEST TRANSACTION | |
| control field | 20260410161727.0 |
| 008 - FIXED-LENGTH DATA ELEMENTS--GENERAL INFORMATION | |
| fixed length control field | 260409a |
| 100 1# - MAIN ENTRY--PERSONAL NAME | |
| Personal name | Mao, James C.T. |
| 245 10 - TITLE STATEMENT | |
| Title | Evaluación de proyectos de inversión |
| 773 0# - HOST ITEM ENTRY | |
| Title | Administración de empresas |
| Related parts | - Año 4, Nº 44 (nov. 1973) |
| Record control number | REV2036 |
No hay ítems disponibles.